000 01076nam a2200325 a 4500
001 000115420
003 CHAP
005 20220329144534.0
008 190521s2018 mx |r| ||||||spa d
010 _a111881
011 _a112853
020 _a9786071653352
040 _cCHAP
082 0 4 _a364.13230972
_bB56
100 1 _aBetanzos Torres, Eber Omar.
_9135674
245 1 0 _aReforma en materia de combate a la corrupción /
_cpor Eber Omar Betanzos Torres.
260 _aCiudad de México :
_bFCE,
_c2018.
300 _a89 p.
490 _aAdministración pública.
_pSerie reformas estructurales
590 _aBATCH-UPD
_b05
_c20190521
_lUCH01
_h1202
590 _aE11695DGD
_b10
_c20190521
_lUCH01
_h1424
590 _aE5765TAJ
_b05
_c20190521
_lUCH01
_h1201
650 1 4 _aAdministración pública
_zMéxico.
_9944
650 1 4 _aCorrupción
_zMéxico.
_9135675
651 4 _aMéxico
_xPolítica y gobierno
_xReformas
_ySiglo XXI.
_9135621
830 0 _aAdministración pública.
_pSerie reformas estructurales
_9135622
901 _aBK
942 _cLIBRO
942 _n0
999 _c111881
_d111881